000 01949nam a2200397 4500
003 EC-UNACH
005 20250522130132.0
006 s||||gr|||| 00| 00
008 150116t9999 mx r gr 000 0 spa d
020 _a10121498
040 _aEC-UNACH
_cEC-UNACH
041 _aspa
082 0 4 _223
_a300
_bL017718
110 _aCentro Andino de Acción Popular (CAAP)
245 _aEcuador Debate N°60. Terrores y Terrorismo
250 _aPrimera Edición
264 _aQuito - Ecuador
_bCAAP
_c2003
300 _a258 páginas
_bFiguras, Tablas
_c14,5 X 21 cm
505 _aCoyuntura.- Pobreza, dolarización y crisis en el Ecuador. El rumbo de una democracia militar ¿En las puertas de un mundo nuevo? Conflictividad socio-política: julio octubre 2003. -- Tema Central.- El nuevo orden antiterrorista mundial. Vivir con miedo, morir en el terror. Chile, 1973-1990. El impacto de ETA sobre el sistema político Vasco. Latinoamérica y el terrorismo de posguerra fría. La lucha estadounidense contra el terrorismo. Que se lleven sus matanzas a otra parte. – Entrevista.- Otra mundialización es posible. -- Debate Agrario-Rural.- Los "intermediarios buenos". Vendiendo su mejor recurso a bajo precio. -- Análisis.- Identidades y movilización. Individuo, comunidad y derechos humanos. Autosuficiencia nacional. -- Crítica Bibliográfica.- El precio del petróleo. Conflictos socioambientales y gobernabilidad.
650 _aPOBREZA
650 _aDOLARIZACIÓN
650 _aIMPACTO DE ETA
650 _aTERRORISMO
650 _aINTERMEDIARIOS
700 _aLarrea, Carlos
700 _aSánchez, Jeannette
700 _aRebolledo, loreto
700 _aTortosa, José María
700 _aCastillo, María José
942 _2ddc
_c1
999 _c13494